000 00966cam a2200277 i 4500
001 20699893
003 OSt
005 20231127151233.0
008 181009s2019 nyua b 001 0 eng
010 _a 2018960788
020 _a9781319333621
040 _aDLC
_beng
_erda
_cDLC
042 _apcc
050 0 0 _aQP514.2
_b.S66 2019
082 0 0 _a572
_bBER/B
100 1 _aBerg, Jeremy M.
_q(Jeremy Mark),
_d1958-
_eauthor.
_99927
245 1 0 _aBiochemistry /
_cJeremy M. Berg, John L. Tymoczko, Gregory J. Gatto, Jr., Lubert Stryer.
250 _aTenth edition.
264 1 _aNew York :
_bW.H. Freeman/Macmillan Learning,
_c[2023]
300 _a1001 pages :
_billustrations (some color) ;
_c29 cm
650 0 _aBiochemistry
_vTextbooks.
700 1 _aTymoczko, John L.,
_d1948-
_eauthor.
700 1 _aGatto, Gregory J.,
_cJr.
_q(Gregory Joseph),
_eauthor.
700 1 _aStryer, Lubert,
_eauthor.
942 _2ddc
_cBK
_h572
_iBER/B
_k572
_mBER/B
999 _c43702
_d43702